Eastern Utah Libraries Catalog: Duchesne, Heber, Roosevelt, & Vernal

Inside out : (Record no. 249081)

MARC details
000 -LEADER
fixed length control field 02444nam a2200337 i 4500
001 - CONTROL NUMBER
control field bl2019027463
005 - DATE AND TIME OF LATEST TRANSACTION
control field 20190925164035.0
007 - PHYSICAL DESCRIPTION FIXED FIELD--GENERAL INFORMATION
fixed length control field t|
008 - FIXED-LENGTH DATA ELEMENTS--GENERAL INFORMATION
fixed length control field 190911s2019 nyua 000 0aeng d
010 ## - LIBRARY OF CONGRESS CONTROL NUMBER
LC control number bl2019027463
020 ## - INTERNATIONAL STANDARD BOOK NUMBER
International Standard Book Number 9780062049537
020 ## - INTERNATIONAL STANDARD BOOK NUMBER
International Standard Book Number 0062049534
035 ## - SYSTEM CONTROL NUMBER
System control number 1249298
040 ## - CATALOGING SOURCE
Original cataloging agency NjBwBT
Language of cataloging eng
Transcribing agency NjBwBT
Description conventions rda
082 ## - DEWEY DECIMAL CLASSIFICATION NUMBER
Classification number 920 Moo
092 ## - LOCALLY ASSIGNED DEWEY CALL NUMBER (OCLC)
Classification number 920
100 1# - MAIN ENTRY--PERSONAL NAME
Personal name Moore, Demi,
Relator term author.
Relator code aut.
9 (RLIN) 60164
245 10 - TITLE STATEMENT
Title Inside out :
Remainder of title a memoir /
Statement of responsibility, etc Demi Moore.
250 ## - EDITION STATEMENT
Edition statement First edition.
264 #1 - Production, Publication, Distribution, Manufacture, and Copyright Notice.
Place of production, publication, distribution, manufacture New York, New York :
Name of producer, publisher, distributor, manufacturer Harper, an imprint of HarperCollinsPublishers,
Date of production, publication, distribution, manufacture, or copyr [2019]
300 ## - PHYSICAL DESCRIPTION
Extent 262 pages :
Other physical details illustrations (some color) ;
Dimensions 24 cm.
336 ## - Content Type
Content type term text
337 ## - Media type
Media type term unmediated
338 ## - Carrier type
Carrier type term volume
520 ## - SUMMARY, ETC.
Summary, etc Famed American actress Demi Moore at last tells her own story in a surprisingly intimate and emotionally charged memoir. For decades, Demi Moore has been synonymous with celebrity. From iconic film roles to high-profile relationships, Moore has never been far from the spotlightor the headlines. Even as Demi was becoming the highest paid actress in Hollywood, however, she was always outrunning her past, just one step ahead of the doubts and insecurities that defined her childhood.Throughout her rise to fame and during some of the most pivotal moments of her life, Demi battled addiction, body image issues, and childhood trauma that would follow her for yearsall while juggling a skyrocketing career and at times negative public perception. As her success grew, Demi found herself questioning if she belonged in Hollywood, if she was a good mother, a good actressand, always, if she was simply good enough. As much as her story is about adversity, it is also about tremendous resilience. In this deeply candid and reflective memoir, Demi pulls back the curtain and opens up about her career and personal lifelaying bare her tumultuous relationship with her mother, her marriages, her struggles balancing stardom with raising a family, and her journey toward open heartedness. Inside Out is a story of survival, success, and surrendera wrenchingly honest portrayal of one womans at once ordinary and iconic life.
600 10 - SUBJECT ADDED ENTRY--PERSONAL NAME
Personal name Moore, Demi.
9 (RLIN) 60164
650 #0 - SUBJECT ADDED ENTRY--TOPICAL TERM
Topical term or geographic name as entry element Actors
Geographic subdivision United States
Form subdivision Biography.
9 (RLIN) 5688377
650 #1 - SUBJECT ADDED ENTRY--TOPICAL TERM
Topical term or geographic name as entry element Actors and actresses
Geographic subdivision United States
Form subdivision Biography.
9 (RLIN) 5801890
907 ## - LOCAL DATA ELEMENT G, LDG (RLIN)
a .b407040912
942 ## - ADDED ENTRY ELEMENTS (KOHA)
Source of classification or shelving scheme Dewey Decimal Classification
Koha item type BOOK
Holdings
Withdrawn status Lost status Source of classification or shelving scheme Damaged status Not for loan Collection code Home library Current library Shelving location Date acquired Source of acquisition Total Checkouts Total Renewals Full call number Barcode Date last seen Date checked out Cost, replacement price Price effective from Koha item type
    Dewey Decimal Classification     General NonFiction Wasatch County Library Wasatch County Library Second Floor 04/20/2020 Baker & Taylor 8 2 92 Moo 34301001682899 06/01/2025 05/28/2025 27.99 04/20/2020 BOOK
This project was made possible through a grant from the Institute of Museum and Library Service administered by the Utah State Library Division.

Wasatch County Library

  • 465 East 1200 South, Heber City, Utah 84032
  • Phone 435-654-1511 | Fax 435-654-6456

Hours

  • Monday - Friday 9:30 AM - 8:00 PM
  • Saturday 9:30 AM - 1:30 PM
  • Closed Sundays and Holidays